Amelie - Gracie Abrams - Statistics

General Stats
  • This quiz has been taken 32 times
  • The average score is 241 of 270
Answer Stats
Hint Answer % Correct
a
100%
amelie
100%
did
100%
go
100%
Verse 1 I
100%
me
100%
Chorus Where
100%
where
100%
you
100%
all
95%
do
95%
dream
95%
don't
91%
i'd
91%
it
91%
know
91%
she
91%
we
91%
where'd
91%
in
86%
my
86%
on
86%
once
86%
or
86%
sat
86%
Chorus So
86%
so
86%
were
86%
asked
82%
doesn't
82%
girl
82%
her
82%
met
82%
million
82%
open
82%
questions
82%
tell
82%
Bridge Tell
82%
the
82%
about
77%
can
77%
days
77%
even
77%
give
77%
let
77%
name
77%
obsessions
77%
ripped
77%
ruin
77%
sofa
77%
time
77%
would
77%
your
77%
answered
73%
but
73%
by
73%
cried
73%
eleven
73%
face
73%
felt
73%
funeral
73%
had
73%
is
73%
life
73%
like
73%
memorized
73%
more
73%
no
73%
that
73%
when
73%
words
73%
and
68%
away
68%
hair
68%
nursery
68%
of
68%
rhyme
68%
sorta
68%
this
68%
up
68%
will
68%
hope
64%
unspoken
64%
went
64%
whole
64%
comfortable
59%
louder
55%
feel
50%
Verse 2 Why'd
50%
handin'
41%
rite
41%
No matching quizzes found
Score Distribution
Percent of People with Each Score
Percentile by Number Answered
Your Score History
You have not taken this quiz